000 01597nam a2200229Ia 4500
003 Ost
005 20260507075323.0
008 260507s9999||||xx |||||||||||||| ||und||
020 _a9789957182816
040 _cfsecg
041 _aara
082 _a332.042
100 _aيونس، عدنان حسين
_eمؤلف
245 0 _aالتمويل الخارجي و سياسات الاصلاح الاقتصادي :
_bتجارب عربية /
_c عدنان حسين يونس
260 _aعمان:
_bدار المناهج للنشر والتوزيع,
_c2011
300 _a288 صفحة؛
_bإيضاحات ؛
_c24 سم
520 _aالاطار المفاهيمي للتمويل الخارجي من البلدان النامية، التمويل الخارجي للبلدان النامية كاحدى آليات التصحيح في الاقتصاد الرأسمالي، التمويل الخارجي و علاقته بسياسات الاصلاح الاقتصادي في البلدان النامية، القراض الخارجية لمصر و الاردن و تونس في ظل سياسات الاصلاح الاقتصادي، دور الاستثمارات الاجنبية في التمويل الخارجي في بلدان الاصلاح العربية، آثار التمويل الخارجي و الاصلاح في بعض المتغيرات الاقتصادية و الاجتماعية في كل من مصر، الاردن و تونس
653 _aالتخطيط الإقتصادي
653 _aالتمويل الدولي
653 _aالديون الخارجية
942 _cكتاب
999 _c43947
_d43947